ਭਾਰਤੀ ਦਰਸ਼ਨ ਅਤੇ ਗੁਰਬਾਣੀ ਵਿੱਚ ਮੁਕਤੀ ਦਾ ਸੰਕਲਪ: (Record no. 1851183)
[ view plain ]
| 000 -LEADER | |
|---|---|
| fixed length control field | 00777nam a22001937a 4500 |
| 005 - DATE AND TIME OF LATEST TRANSACTION | |
| control field | 20260511142013.0 |
| 008 - FIXED-LENGTH DATA ELEMENTS--GENERAL INFORMATION | |
| fixed length control field | 260511b |||||||| |||| 00| 0 eng d |
| 040 ## - CATALOGING SOURCE | |
| Transcribing agency | CRL |
| 041 ## - LANGUAGE CODE | |
| Language code of text | ਪੰਜਾਬੀ |
| 100 ## - MAIN ENTRY--PERSONAL NAME | |
| Student/researcher name | ਸਿੰਘ, ਚਰਨਪ੍ਰੀਤ |
| 245 ## - TITLE STATEMENT | |
| Title | ਭਾਰਤੀ ਦਰਸ਼ਨ ਅਤੇ ਗੁਰਬਾਣੀ ਵਿੱਚ ਮੁਕਤੀ ਦਾ ਸੰਕਲਪ: |
| Remainder of title | ਤੁਲਨਾਤਮਕ ਅਧਿਐਨ |
| Statement of responsibility, etc. | by ਚਰਨਪ੍ਰੀਤ ਸਿੰਘ, |
| 260 ## - PUBLICATION, DISTRIBUTION, ETC. | |
| Place of publication, distribution, etc. | Delhi: |
| Name of publisher, distributor, etc. | University of Delhi, |
| Date of publication, distribution, etc. | 2025. |
| 300 ## - PHYSICAL DESCRIPTION | |
| Extent | 445 ਪ. |
| 502 ## - Thesis Note | |
| Degree type | Ph.D. |
| Name of granting institution | University of Delhi |
| 700 ## - ADDED ENTRY--PERSONAL NAME | |
| Supervisor / Guide name | ਸਿੰਘ, ਕਮਲਜੀਤ |
| 710 ## - ADDED ENTRY--CORPORATE NAME | |
| Department | Department of Punjabi, University of Delhi. |
| 942 ## - ADDED ENTRY ELEMENTS (KOHA) | |
| Koha item type | Thesis |
| 100 ## - MAIN ENTRY--PERSONAL NAME | |
| -- | 1238989 |
| 700 ## - ADDED ENTRY--PERSONAL NAME | |
| -- | 1238990 |
| 710 ## - ADDED ENTRY--CORPORATE NAME | |
| -- | 1238985 |
| 999 ## - | |
| -- | 1851183 |
| -- | 1851183 |
| Withdrawn status | Lost status | Not for loan | Home library | Current library | Date acquired | Accession Number | Koha item type |
|---|---|---|---|---|---|---|---|
| Central Library | Central Library | 2026-05-11 | TH0028503 | Thesis |
